La Nau catalana de 1450, segons el model del Museu Prins Hendrijk de Rotterdam / de Heinrich Winter ; traducció de l'alemany i cloenda per S. Hernàndez i Izal
Descripción Física:
61 p. : amb 30 figures, 11 làmines i 1 plànol ; 24 cm
Colección:
Clàssics de la història marítima
MARC
| LEADER | 00000nam a2200000Ia 4500 | ||
|---|---|---|---|
| 001 | 2321 | ||
| 008 | 160829s1986 xx 000 0 cat d | ||
| 080 | |a C-1-213 | ||
| 100 | |a Winter, Heinrich |9 30878 |e autor | ||
| 245 | |a La Nau catalana de 1450, segons el model del Museu Prins Hendrijk de Rotterdam / de Heinrich Winter ; traducció de l'alemany i cloenda per S. Hernàndez i Izal | ||
| 260 | |a Barcelona : |b Diputació de Barcelona, Museu Marítim, |c 1986 | ||
| 300 | |a 61 p. : |b amb 30 figures, 11 làmines i 1 plànol ; |c 24 cm | ||
| 490 | |a Clàssics de la història marítima | ||
| 650 | |a Vaixells |x Catalunya |x S. XV |9 30879 | ||
| 650 | |a Navegació |x Catalunya |x Història |x 1450 |9 30880 | ||
| 700 | 1 | |a Hernàndez i Yzal, Santiago, |d 1921-2008 |e traductor |9 28038 | |
| 700 | |a Museu Marítim (Barcelona) | ||
| 901 | |a Arxiu | ||
| 942 | |n 1 |2 udc | ||
| 952 | |0 0 |1 0 |4 0 |6 C1213 |7 1 |9 45555 |a Arxiu |b Arxiu |d 2016-12-01 |l 0 |o C-1-213 |p 2321 |r 2016-12-01 00:00:00 |w 2016-12-01 |y ARXIU | ||
| 999 | |c 48723 |d 48723 | ||